Why is there salt in the sea? = Wie kommt das Salz ins Meer /

Bibliographic Details
Main Author: Schwaiger, Brigitte, 1949-2010
Format: Book
Language:English
Published: Lincoln : University of Nebraska Press, [1988]
Series:European women writers series.

MARC

Tag First Indicator Second Indicator Subfields
LEADER 00000cam a2200000 a 4500
001 in00000017637
005 20151007053450.0
008 870716s1988 nbu s00011 eng
010 |a  87021934  
020 |a 0803241747 (alk. paper) 
035 |a (OCoLC)16472621 
035 |9 AAB1751AM 
040 |a DLC  |c DLC  |d TXA  |d UtOrBLW 
041 1 |a eng  |h ger 
049 |a TXAM  |c [A12611199] 
050 0 0 |a PT2680.W26  |b W513 1988 
082 0 |a 833/.914  |2 19 
100 1 |a Schwaiger, Brigitte,  |d 1949-2010. 
240 1 0 |a Wie kommt das Salz ins Meer?  |l English 
245 1 0 |a Why is there salt in the sea? =  |b Wie kommt das Salz ins Meer /  |c Brigitte Schwaiger ; translated and with an afterword by Sieglinde Lug. 
246 3 1 |a Wie kommt das Salz ins Meer  
264 1 |a Lincoln :  |b University of Nebraska Press,  |c [1988] 
264 4 |c ©1988 
300 |a 126 pages ;  |c 21 cm. 
336 |a text  |b txt  |2 rdacontent 
337 |a unmediated  |b n  |2 rdamedia 
338 |a volume  |b nc  |2 rdacarrier 
490 1 |a European women writers series 
500 |a Translation of: Wie kommt das Salz ins Meer? 
740 0 |a Wie kommt das Salz ins Meer? 
830 0 |a European women writers series. 
999 |a MARS 
999 f f |s 53a2c04e-5529-3e82-8988-dbe2efb64440  |i 074e0c59-35b4-36e7-b3b1-2512573d5e72  |t 0 
952 f f |p normal  |a Texas A&M University  |b College Station  |c Sterling C. Evans Library  |d Evans: Library Stacks  |t 0  |e PT2680.W26 W513 1988  |h Library of Congress classification  |i unmediated -- volume  |m A14812611199 
998 f f |a PT2680.W26 W513 1988  |t 0  |l Evans: Library Stacks